书目信息 |
| 题名: |
血液病知识
|
|
| 作者: | ;上海第一医学院中山医院血液科 著 | |
| 分册: | ||
| 出版信息: | 上海 上海科学技术出版社 1978 |
|
| 页数: | 114页 | |
| 开本: | 19cm | |
| 丛书名: | 卫生知识丛书 | |
| 单 册: | ||
| 中图分类: | R552 | |
| 科图分类: | ||
| 主题词: | 血液病--基本知识 | |
| 电子资源: | ||
| ISBN: | ||
| 000 | 00711nam2 2200241 45 | |
| 001 | 0178000963 | |
| 005 | 20060914103327.82 | |
| 010 | @dCNY0.32 | |
| 091 | @a14119.1321 | |
| 100 | @a19950803d1978 em y0chiy0121 ea | |
| 101 | 0 | @achi |
| 102 | @aCN@b310000 | |
| 105 | @ay z 000yy | |
| 200 | 10 | @a血液病知识@Axue ye bing zhi shi@f上海第一医学院中山医院血液科著 |
| 210 | @a上海@c上海科学技术出版社@d1978 | |
| 215 | @a114页@d19cm | |
| 225 | 2 | @a卫生知识丛书 |
| 410 | 0 | @120010@a卫生知识丛书 |
| 606 | @a血液病@x基本知识 | |
| 690 | @aR552@v3 | |
| 711 | 02 | @a上海第一医学院中山医院血液科@Ashang hai di yi yi xue yuan zhong shan yi yuan xue ye ke@4著 |
| 801 | 0 | @aCN@bTSSF@c20060914 |
| 905 | @a10447@dR552@e70 | |
| 血液病知识/上海第一医学院中山医院血液科著.-上海:上海科学技术出版社,1978 |
| 114页;19cm.-(卫生知识丛书) |
| ISBN :CNY0.32 |
| ● |
| 相关链接 |
|
|
|
|
正题名:血液病知识
索取号:R552/70
 
预约/预借
| 序号 | 登录号 | 条形码 | 馆藏地/架位号 | 状态 | 备注 |
| 1 | 0458325 | 204583254 | 密集书库/ [索取号:R552/70] | 在馆 | |
| 2 | 0473340 | 204733404 | 密集书库/ [索取号:R552/70] | 在馆 |